01334nam a2200301 a 450000100100000000500170001000800410002702000180006804000250008608200160011110000410012724500790016826000490024730000360029650000630033250000350039550400290043059000260045965000280048565000330051365000270054665000410057391000380061495201290065295201140078195201200089599900170101500003617120200930074928.0120110s2011 dr ac r 000 0 spa d a9789945164558 aDO-SdBNPbspacBNPHU a636.4bJ61m1 aJiménez, Virgilio Secundino96221310aManejo y producción comercial de cerdos /cVirgilio Secundino Jiménez. aSanto Domingo :bEdiciones Pecuarias,c2011. a159 p. :bil., retrs. ;c22 cm. aIncluye datos biográficos del autor en la contracubierta aIncluye glosario : p. 157-158. aBibliografía : p. 159. aInventariado, 2018/BT 4aCría de cerdos962214 4aAlimentos para cerdos962215 4aRazas de cerdos962216 4aCerdosxAspectos económicos962217 aValidado. Control de calidad. EMS 001154708DSaGRbGRcMId2012-01-10iLF1l0o636.4 J61mp36171-30r2020-06-25te. 3w2020-06-25yLFDSZPréstamo en sala 0010718PDaPDbPDcHDd2012-01-10iLF1l0o636.4 J61mp36171-10r2020-06-25w2020-06-25yLFPDZNo se presta 0010718PDaPDbPDcHDd2012-01-10iLF1l0o636.4 J61mp36171-20r2020-06-25te. 2w2020-06-25yLFPDZNo se presta c35662d35662